[Event "CRO-chT1B"]
[Site "Bol"]
[Date "2014.10.05"]
[Round "2.4"]
[White "Matanovic, Luka"]
[Black "Keglevic, Pavao"]
[Result "1-0"]
[WhiteElo "2120"]
[BlackElo "2168"]
[PlyCount "97"]
[EventDate "2014.10.04"]
[EventType "team-tourn"]
[EventRounds "9"]
[EventCountry "CRO"]
[SourceTitle "CBM 162 Extra"]
[Source "ChessBase"]
[SourceDate "2014.10.17"]
[SourceVersion "1"]
[SourceVersionDate "2014.10.17"]
[SourceQuality "1"]
[WhiteTeam "Slavonski Brod"]
[BlackTeam "Koprivnica"]
[WhiteTeamCountry "CRO"]
[BlackTeamCountry "CRO"]

1. e4 c5 2. Nf3 a6 3. c3 d5 4. exd5 Qxd5 5. d4 Nc6 6. dxc5 Qxc5 7. Be3 Qa5 8. Nbd2 b5 9. a4 b4 10. Nc4 Qc7 11. Nb6 Rb8 12. Nd5 Qd8 13. Bf4 e5 14. Nxe5 Nxe5 15. Bxe5 Rb7 16. Bxa6 Ra7 17. Bb5+ Bd7 18. Qe2 Ne7 19. Rd1 f6 20. Bxf6 gxf6 21. Nxf6+ Kf7 22. Bxd7 Qb6 23. Ne4 Ng6 24. 0-0 Be7 25. Nd6+ Bxd6 26. Qe6+ Kg7 27. Rxd6 Qd8 28. f4 Qe7 29. Qxe7+ Nxe7 30. f5 Nc8 31. f6+ Kh6 32. Rd4 bxc3 33. bxc3 Nb6 34. Bb5 Rf8 35. Rf3 Kg5 36. h4+ Kg6 37. Rg4+ Kh6 38. Rg7 Ra5 39. Bd3 Rh8 40. Rb7 Nxa4 41. Rxh7+ Rxh7 42. Bxh7 Ra8 43. Bc2 Nb6 44. Kh2 Nd7 45. Rg3 Rf8 46. Rg6+ Kh5 47. Kh3 Nxf6 48. Rxf6 Rxf6 49. g4+ 1-0

[Event "CRO-chT1B"]
[Site "Bol"]
[Date "2014.10.04"]
[Round "1.2"]
[White "Keglevic, Pavao"]
[Black "Jovanovic, Milenko"]
[Result "1-0"]
[WhiteElo "2168"]
[BlackElo "2177"]
[PlyCount "97"]
[EventDate "2014.10.04"]
[EventType "team-tourn"]
[EventRounds "9"]
[EventCountry "CRO"]
[SourceTitle "CBM 162 Extra"]
[Source "ChessBase"]
[SourceDate "2014.10.17"]
[SourceVersion "1"]
[SourceVersionDate "2014.10.17"]
[SourceQuality "1"]
[WhiteTeam "Koprivnica"]
[BlackTeam "Vukovar Slaven"]
[WhiteTeamCountry "CRO"]
[BlackTeamCountry "CRO"]

1. c4 c5 2. Nf3 Nf6 3. Nc3 Nc6 4. d4 cxd4 5. Nxd4 g6 6. e4 d6 7. h3 Bg7 8. Be3 0-0 9. Be2 Bd7 10. 0-0 Nxd4 11. Bxd4 Bc6 12. Qd3 Nd7 13. Bxg7 Kxg7 14. Qd4+ Kg8 15. b4 b6 16. f4 a5 17. a3 Qc7 18. Rfd1 Rfd8 19. Rac1 Nf6 20. Nd5 Bxd5 21. cxd5 Qb8 22. Rc6 axb4 23. axb4 b5 24. Bf3 Nd7 25. Bg4 Nf6 26. Bf3 Nd7 27. Rdc1 Qa7 28. Qxa7 Rxa7 29. Rc7 Rda8 30. e5 Nb6 31. exd6 exd6 32. Rxa7 Rxa7 33. Rc6 Ra1+ 34. Kh2 Nc4 35. Be2 Rc1 36. Bxc4 bxc4 37. Rxd6 c3 38. Rc6 Rd1 39. Rxc3 Rxd5 40. Rb3 Rb5 41. Kg3 f6 42. Kf3 Kf7 43. Ke4 Ke6 44. Kd4 Kd6 45. Kc4 Rb8 46. b5 Rc8+ 47. Kb4 Rc2 48. Rd3+ Ke6 49. b6 1-0

[Event "CRO-chT"]
[Site "Bol"]
[Date "2014.05.17"]
[Round "5.7"]
[White "Keglevic, Pavao"]
[Black "Vucic, Mihovil"]
[Result "0-1"]
[WhiteElo "2177"]
[BlackElo "2087"]
[PlyCount "132"]
[EventDate "2014.05.14"]
[EventType "team-swiss"]
[EventRounds "6"]
[EventCountry "CRO"]
[SourceTitle "CBM 160 Extra"]
[Source "ChessBase"]
[SourceDate "2014.07.01"]
[SourceVersion "1"]
[SourceVersionDate "2014.07.01"]
[SourceQuality "1"]
[WhiteTeam "Koprivnica Podravka"]
[BlackTeam "Strigova Stridon"]
[WhiteTeamCountry "CRO"]
[BlackTeamCountry "CRO"]

1. d4 d5 2. Nf3 Nf6 3. c4 e6 4. Nc3 Be7 5. e3 0-0 6. Bd3 Nbd7 7. 0-0 b6 8. e4 dxe4 9. Nxe4 Bb7 10. Qe2 c5 11. Rd1 Qc7 12. Bg5 h6 13. Bh4 Rad8 14. dxc5 bxc5 15. Rac1 Rfe8 16. Bb1 Qc6 17. Nc3 Bd6 18. Bc2 Bf4 19. Ba4 Qc8 20. Rb1 Rf8 21. Rd3 Nb6 22. Rxd8 Rxd8 23. Bc2 Qc6 24. Bxf6 gxf6 25. Be4 Qc7 26. Bxb7 Qxb7 27. Ne4 Qe7 28. b3 f5 29. Ng3 Nd7 30. Nxf5 Qf6 31. Ng3 Ne5 32. Rd1 Nxf3+ 33. Qxf3 Rd4 34. h3 Kf8 35. Nh5 Bh2+ 36. Kxh2 Qxf3 37. gxf3 Rxd1 38. Nf6 Rd2 39. Kg3 Rxa2 40. Nd7+ Ke7 41. Nxc5 Rc2 42. h4 f5 43. Kf4 Rxf2 44. Nd3 Rh2 45. Ne5 a6 46. Ke3 Rb2 47. b4 Ke8 48. Nc6 Kf7 49. c5 Rb3+ 50. Kd4 Kf6 51. f4 Rf3 52. Nb8 Rxf4+ 53. Kc3 Rf3+ 54. Kc4 Rf4+ 55. Kc3 Ke7 56. Nxa6 Kd7 57. b5 Rf1 58. Nb4 Kc7 59. b6+ Kb7 60. Kc4 f4 61. Kb5 Rb1 62. c6+ Kb8 63. Kc5 Rxb4 64. Kxb4 f3 65. c7+ Kb7 66. Kc5 f2 0-1

[Event "CRO-chT qual"]
[Site "Nasice"]
[Date "2013.11.30"]
[Round "2"]
[White "Keglevic, Pavao"]
[Black "Malesevic, Elvino"]
[Result "1-0"]
[WhiteElo "2185"]
[BlackElo "1910"]
[PlyCount "79"]
[EventDate "2013.11.30"]
[EventType "team-tourn"]
[EventRounds "3"]
[EventCountry "CRO"]
[SourceTitle "CBM 157 Extra"]
[Source "ChessBase"]
[SourceDate "2013.12.19"]
[SourceVersion "1"]
[SourceVersionDate "2013.12.19"]
[SourceQuality "1"]

1. d4 d5 2. c4 e6 3. Nf3 Nf6 4. Nc3 c6 5. e3 Bd6 6. Bd3 Nbd7 7. 0-0 0-0 8. b3 Re8 9. e4 dxe4 10. Nxe4 Nxe4 11. Bxe4 h6 12. Bb2 Nf6 13. Bc2 b6 14. Qe2 Bb7 15. Rad1 Qc7 16. h3 Rad8 17. Ne5 Bxe5 18. dxe5 Nh7 19. Rd3 Rxd3 20. Qxd3 Nf8 21. Rd1 c5 22. Qg3 Rd8 23. Rd6 Re8 24. Bc1 Kh8 25. Qh4 Kg8 26. Qg4 Kh8 27. h4 Rd8 28. Bb2 Qe7 29. Qg3 Kg8 30. Bc3 Rc8 31. Bd2 Kh8 32. Kh2 Ba8 33. f3 Bb7 34. Qf4 Rc7 35. Kh3 Bc8 36. Bc3 Qe8 37. g4 Kg8 38. Qd2 Rd7 39. Be4 Bb7 40. Rxd7 1-0

[Event "CRO-chT2 Center 22nd"]
[Site "Sisak"]
[Date "2013.10.13"]
[Round "9.3"]
[White "Keglevic, Pavao"]
[Black "Maslac, Zvonimir"]
[Result "1/2-1/2"]
[WhiteElo "2194"]
[BlackElo "2130"]
[PlyCount "84"]
[EventDate "2013.04.14"]
[EventType "team-tourn"]
[EventRounds "11"]
[EventCountry "CRO"]
[SourceTitle "EXT 2016"]
[Source "ChessBase"]
[SourceDate "2015.10.08"]
[SourceVersion "1"]
[SourceVersionDate "2015.10.08"]
[SourceQuality "1"]

1. d4 d5 2. Nf3 Nf6 3. c4 c6 4. Nc3 dxc4 5. a4 Bf5 6. e3 e6 7. Bxc4 Nbd7 8. 0-0 Bd6 9. Re1 Ne4 10. Bd3 Ndf6 11. Qc2 Nxc3 12. bxc3 Bg6 13. e4 Nd7 14. e5 Be7 15. a5 0-0 16. c4 b5 17. axb6 axb6 18. Bb2 b5 19. Bxg6 hxg6 20. d5 cxd5 21. cxd5 Bb4 22. dxe6 Bxe1 23. exf7+ Rxf7 24. Rxe1 Nf8 25. Qb3 Qa5 26. h4 Qa2 27. Qxb5 Raa7 28. Ra1 Rab7 29. Rxa2 Rxb5 30. Ng5 Rfb7 31. Ba1 R5b6 32. g3 Ne6 33. Ra8+ Rb8 34. Rxb8+ Rxb8 35. Nxe6 Rb1+ 36. Kg2 Rxa1 37. f4 Kf7 38. Ng5+ Ke7 39. Kf3 Ra3+ 40. Kg4 Re3 41. Nf3 Rd3 42. Ne1 Rc3 1/2-1/2

[Event "CRO-chT2 Center 22nd"]
[Site "Sisak"]
[Date "2013.10.06"]
[Round "7.25"]
[White "Gabre, Zeljko"]
[Black "Keglevic, Pavao"]
[Result "1-0"]
[WhiteElo "2108"]
[BlackElo "2194"]
[PlyCount "61"]
[EventDate "2013.04.14"]
[EventType "team-tourn"]
[EventRounds "11"]
[EventCountry "CRO"]
[SourceTitle "EXT 2016"]
[Source "ChessBase"]
[SourceDate "2015.10.08"]
[SourceVersion "1"]
[SourceVersionDate "2015.10.08"]
[SourceQuality "1"]

1. e4 e6 2. d4 d5 3. e5 c5 4. c3 Nc6 5. Nf3 Qb6 6. Be2 f6 7. 0-0 Bd7 8. dxc5 Bxc5 9. b4 Be7 10. Na3 Nxe5 11. Be3 Qc7 12. Nb5 Nxf3+ 13. gxf3 Bxb5 14. Bxb5+ Kf7 15. f4 Nh6 16. Qh5+ Kf8 17. Bd3 Qxc3 18. Rfd1 f5 19. Rac1 Qf6 20. Rc7 Ng4 21. Rdc1 g6 22. Qh3 b6 23. Bd2 Qd4 24. Qf3 Bxb4 25. R7c4 dxc4 26. Bxb4+ Kg7 27. Bc3 Qxc3 28. Rxc3 cxd3 29. Rc7+ Kf6 30. Qxd3 Rae8 31. h3 1-0

[Event "CRO-chT2 Center 22nd"]
[Site "Sisak"]
[Date "2013.10.06"]
[Round "8.55"]
[White "Keglevic, Pavao"]
[Black "Takac, Zvonko"]
[Result "1/2-1/2"]
[WhiteElo "2194"]
[BlackElo "2091"]
[PlyCount "24"]
[EventDate "2013.04.14"]
[EventType "team-tourn"]
[EventRounds "11"]
[EventCountry "CRO"]
[SourceTitle "EXT 2016"]
[Source "ChessBase"]
[SourceDate "2015.10.08"]
[SourceVersion "1"]
[SourceVersionDate "2015.10.08"]
[SourceQuality "1"]

1. c4 c5 2. Nf3 Nf6 3. Nc3 Nc6 4. d4 cxd4 5. Nxd4 g6 6. e4 d6 7. Be2 Bg7 8. Be3 0-0 9. 0-0 a6 10. Rc1 Nxd4 11. Bxd4 Bd7 12. f3 Rc8 1/2-1/2

[Event "CRO-chT2 Center"]
[Site "Zagreb"]
[Date "2012.04.01"]
[Round "6.55"]
[White "Keglevic, Pavao"]
[Black "Bedic, Zeljko"]
[Result "0-1"]
[WhiteElo "2199"]
[BlackElo "2181"]
[PlyCount "60"]
[EventDate "2012.03.18"]
[EventType "team-swiss"]
[EventRounds "11"]
[EventCountry "CRO"]
[SourceTitle "EXT 2014"]
[Source "ChessBase"]
[SourceDate "2013.11.20"]
[SourceVersion "1"]
[SourceVersionDate "2013.11.20"]
[SourceQuality "1"]

1. d4 e6 2. Nf3 d5 3. c4 Nf6 4. Nc3 c6 5. e3 Nbd7 6. Bd3 Bd6 7. 0-0 0-0 8. b3 dxc4 9. bxc4 e5 10. Qc2 Re8 11. Bb2 Qe7 12. Ne4 Nxe4 13. Bxe4 g6 14. dxe5 Nxe5 15. Rfd1 Bc7 16. Qc3 Bg4 17. Kh1 f6 18. Rd2 Rad8 19. Rad1 Rxd2 20. Rxd2 Kg7 21. h3 Bc8 22. c5 Nd7 23. Bc2 Nxc5 24. Ba3 Ne4 25. Bxe4 Qxe4 26. Bd6 Bb6 27. Kh2 Rd8 28. Bf4 Rxd2 29. Nxd2 Qe7 30. Ne4 Qxe4 0-1

[Event "CRO-chT2 Center"]
[Site "Zagreb"]
[Date "2012.03.25"]
[Round "4.66"]
[White "Hibner, Branko"]
[Black "Keglevic, Pavao"]
[Result "0-1"]
[WhiteElo "2044"]
[BlackElo "2199"]
[PlyCount "74"]
[EventDate "2012.03.18"]
[EventType "team-swiss"]
[EventRounds "11"]
[EventCountry "CRO"]
[SourceTitle "EXT 2014"]
[Source "ChessBase"]
[SourceDate "2013.11.20"]
[SourceVersion "1"]
[SourceVersionDate "2013.11.20"]
[SourceQuality "1"]

1. c4 Nf6 2. g3 e6 3. Bg2 d5 4. Nf3 c6 5. 0-0 Be7 6. b3 0-0 7. Bb2 Nbd7 8. d4 Ne4 9. Nfd2 f5 10. f3 Nxd2 11. Qxd2 Nf6 12. Nc3 a5 13. c5 Nd7 14. Kh1 Bf6 15. e4 dxe4 16. Na4 exf3 17. Bxf3 e5 18. Rad1 e4 19. Be2 b5 20. cxb6 Nxb6 21. Ba3 Re8 22. Nxb6 Qxb6 23. Bc4+ Kh8 24. Qe3 Qc7 25. Bc5 g6 26. g4 Qg7 27. g5 Be7 28. Bb6 Bd8 29. Bc5 Bc7 30. d5 cxd5 31. Rxd5 Bb7 32. Bd4 Be5 33. Rxe5 Rxe5 34. Rd1 Rd8 35. Kg2 Rxd4 36. Rxd4 Re8 37. Bb5 f4 0-1

[Event "Zagreb op-B"]
[Site "Zagreb"]
[Date "2012.03.11"]
[Round "8"]
[White "Keglevic, Pavao"]
[Black "Hamer, Ivan"]
[Result "1-0"]
[WhiteElo "2199"]
[BlackElo "2059"]
[PlyCount "83"]
[EventDate "2012.03.05"]
[EventType "swiss"]
[EventRounds "9"]
[EventCountry "CRO"]
[SourceTitle "CBM 147 Extra"]
[Source "ChessBase"]
[SourceDate "2012.04.24"]
[SourceVersion "1"]
[SourceVersionDate "2012.04.24"]
[SourceQuality "1"]

1. c4 Nf6 2. Nc3 g6 3. e4 d6 4. d4 Bg7 5. f3 0-0 6. Be3 b6 7. Qd2 c5 8. Nge2 Nc6 9. g4 e5 10. dxc5 dxc5 11. Nd5 Nd4 12. Bg2 Ba6 13. Rc1 Rb8 14. Nxd4 exd4 15. Bg5 h6 16. Nxf6+ Bxf6 17. Bxh6 Bh4+ 18. Kd1 Re8 19. Bf4 Rc8 20. Bf1 Qf6 21. e5 Qe6 22. Bd3 b5 23. b3 bxc4 24. Bxc4 Bxc4 25. Rxc4 f6 26. exf6 Qxf6 27. Rf1 d3 28. Qc3 Qe6 29. Re4 Qd7 30. Qc4+ Kh7 31. Be5 Re7 32. h3 Rce8 33. Bb2 d2 34. Qc3 Qc7 35. Kxd2 Rd8+ 36. Kc1 Red7 37. Kb1 Rd5 38. f4 Qd7 39. g5 Rd1+ 40. Rxd1 Qxd1+ 41. Bc1 Qd7 42. Qxc5 1-0

[Event "CRO-chT2 Center"]
[Site "Croatia"]
[Date "2011.03.20"]
[Round "2.14"]
[White "Jaksic, Damir"]
[Black "Keglevic, Pavao"]
[Result "0-1"]
[WhiteElo "2033"]
[BlackElo "2203"]
[PlyCount "148"]
[EventDate "2011.03.20"]
[EventType "team-tourn"]
[EventRounds "11"]
[EventCountry "CRO"]
[SourceTitle "EXT 2014"]
[Source "ChessBase"]
[SourceDate "2013.11.20"]
[SourceVersion "1"]
[SourceVersionDate "2013.11.20"]
[SourceQuality "1"]

1. e4 c5 2. Nf3 Nc6 3. d4 cxd4 4. Nxd4 Nf6 5. Nc3 a6 6. Be3 e6 7. Nxc6 bxc6 8. Bd3 d5 9. Bg5 Be7 10. exd5 cxd5 11. 0-0 0-0 12. Qe2 Bb7 13. Rfe1 h6 14. Bh4 Qb6 15. Rab1 Rac8 16. a3 Rfe8 17. Qd2 Ne4 18. Bxe4 Bxh4 19. Bf3 Qc5 20. Re2 a5 21. a4 Ba6 22. Nb5 Bxb5 23. axb5 Qxb5 24. c3 Bf6 25. Ree1 Rb8 26. Be2 Qb3 27. Bd3 Rec8 28. Bc2 Qc4 29. Bd3 Qa2 30. Qe2 a4 31. f4 a3 32. bxa3 Qxa3 33. Rxb8 Rxb8 34. c4 Qc5+ 35. Kh1 dxc4 36. Bxc4 Rb2 37. Qd3 Qf2 38. Qg3 Qd4 39. Bf1 Rf2 40. Be2 Rxf4 41. Rd1 Qa4 42. Bf3 g5 43. Qe1 g4 44. Be2 Re4 45. Qd2 Kg7 46. Bd3 Rd4 47. Qe2 h5 48. Bc2 Rxd1+ 49. Qxd1 Qd4 50. Qe2 Qe5 51. Qd1 Qe3 52. Qg1 Bd4 53. Qxe3 Bxe3 54. g3 f5 55. Kg2 Kf6 56. h3 e5 57. Ba4 gxh3+ 58. Kxh3 Kg5 59. Bd7 Bf2 60. Bc6 Be1 61. Bd5 e4 62. Bc6 h4 63. gxh4+ Bxh4 64. Kg2 Kf4 65. Bd7 Ke5 66. Kf1 f4 67. Bc6 Kd4 68. Bb7 f3 69. Bc6 Ke3 70. Bb7 Kf4 71. Bc6 e3 72. Bb5 Ke5 73. Ba6 Kd4 74. Bb5 Kc3 0-1

[Event "CRO-chT2b"]
[Site "Croatia"]
[Date "2009.03.15"]
[Round "5"]
[White "Stojkovic, Josip"]
[Black "Keglevic, Pavao"]
[Result "1/2-1/2"]
[WhiteElo "2193"]
[BlackElo "2267"]
[PlyCount "60"]
[EventDate "2009.03.01"]
[EventType "team-tourn"]
[EventRounds "11"]
[EventCountry "CRO"]
[SourceTitle "EXT 2010"]
[Source "ChessBase"]
[SourceDate "2010.11.25"]
[SourceVersion "1"]
[SourceVersionDate "2010.11.25"]
[SourceQuality "1"]

1. e4 c5 2. c3 Nf6 3. e5 Nd5 4. d4 cxd4 5. Nf3 e6 6. cxd4 Bb4+ 7. Bd2 Bxd2+ 8. Qxd2 d6 9. Nc3 dxe5 10. dxe5 Nxc3 11. Qxc3 0-0 12. Bd3 Nc6 13. a3 Bd7 14. Rd1 Rc8 15. 0-0 h6 16. Bb1 Rc7 17. b4 g6 18. Rc1 a6 19. a4 Rc8 20. Rfd1 Ne7 21. Qd2 Rxc1 22. Qxc1 Kg7 23. Be4 Qc8 24. Qxc8 Rxc8 25. Bxb7 Rc7 26. Bxa6 Bxa4 27. Rb1 Nd5 28. h3 Rc2 29. Bd3 Rc3 30. Bf1 Rc2 1/2-1/2

[Event "CRO-chT2b"]
[Site "Croatia"]
[Date "2009.03.01"]
[Round "2"]
[White "Keglevic, Pavao"]
[Black "Hibner, Branko"]
[Result "1-0"]
[WhiteElo "2267"]
[BlackElo "2061"]
[PlyCount "145"]
[EventDate "2009.03.01"]
[EventType "team-tourn"]
[EventRounds "11"]
[EventCountry "CRO"]
[SourceTitle "EXT 2010"]
[Source "ChessBase"]
[SourceDate "2010.11.25"]
[SourceVersion "1"]
[SourceVersionDate "2010.11.25"]
[SourceQuality "1"]

1. e4 c6 2. d4 d5 3. Nc3 e6 4. Nf3 Nd7 5. Bd3 g6 6. 0-0 Be7 7. Re1 Ndf6 8. a3 dxe4 9. Nxe4 Nxe4 10. Bxe4 Nf6 11. Bd3 Nh5 12. Be3 0-0 13. c4 Ng7 14. Qd2 Bf6 15. g4 Ne8 16. h3 b6 17. Ne5 Bb7 18. f4 Qc7 19. Qf2 c5 20. dxc5 Bxe5 21. fxe5 Qc6 22. Kh2 f5 23. gxf5 Rd8 24. Bc2 exf5 25. cxb6 axb6 26. Bxb6 Rc8 27. b3 Ng7 28. Rad1 Rfe8 29. Rd6 Qf3 30. Qxf3 Bxf3 31. e6 Rc6 32. Rxc6 Bxc6 33. e7 Kf7 34. Bc5 Ne6 35. Bd6 Nd4 36. Bd1 Be4 37. b4 Ra8 38. Re3 Nc6 39. c5 Nxe7 40. Bxe7 Kxe7 41. Bc2 Kd7 42. Bxe4 fxe4 43. Kg3 Kc6 44. Kf4 Kd5 45. Rxe4 Rxa3 46. Re5+ Kc4 47. Re4+ Kd5 48. Re3 Ra4 49. Rb3 h6 50. h4 Ra1 51. Rg3 Rf1+ 52. Ke3 Re1+ 53. Kd3 Re6 54. Kc3 Kc6 55. Kd4 g5 56. hxg5 Rg6 57. Ke5 hxg5 58. Kf5 Rg8 59. Rxg5 Rb8 60. Rg6+ Kd5 61. Rd6+ Kc4 62. Rb6 Re8 63. c6 Kd5 64. b5 Rf8+ 65. Kg6 Kd6 66. Rb7 Rg8+ 67. Kf5 Rf8+ 68. Ke4 Rh8 69. c7 Rh4+ 70. Kf5 Rh5+ 71. Kg6 Rc5 72. b6 Kd7 73. Rb8 1-0

[Event "Zagreb op-B"]
[Site "Zagreb"]
[Date "2008.05.18"]
[Round "8"]
[White "Keglevic, Pavao"]
[Black "Komic, Ibrahim"]
[Result "1/2-1/2"]
[WhiteElo "2249"]
[BlackElo "2215"]
[PlyCount "31"]
[EventDate "2008.05.12"]
[EventType "swiss"]
[EventRounds "9"]
[EventCountry "CRO"]
[SourceTitle "CBM 124 Extra"]
[Source "ChessBase"]
[SourceDate "2008.07.03"]
[SourceVersion "1"]
[SourceVersionDate "2008.07.03"]
[SourceQuality "1"]

1. d4 Nf6 2. Nf3 d6 3. c4 Nbd7 4. Nc3 e5 5. e4 c6 6. Be2 a6 7. a4 a5 8. 0-0 Be7 9. h3 0-0 10. Be3 Qc7 11. Rc1 Re8 12. d5 Nf8 13. Qd2 Ng6 14. Rfd1 c5 15. Nh2 Qd8 16. Bf1 1/2-1/2

[Event "CRO-chT2 Center"]
[Site "Zagreb"]
[Date "2005.04.16"]
[Round "2.2"]
[White "Vidovic, Mario"]
[Black "Keglevic, Pavao"]
[Result "1/2-1/2"]
[WhiteElo "2118"]
[BlackElo "2271"]
[PlyCount "58"]
[EventDate "2005.04.03"]
[EventType "team-tourn"]
[EventRounds "11"]
[EventCountry "CRO"]
[SourceTitle "EXT 2007"]
[Source "ChessBase"]
[SourceDate "2006.11.23"]
[SourceVersion "1"]
[SourceVersionDate "2006.11.23"]
[SourceQuality "1"]

1. e4 c5 2. Nf3 a6 3. c4 Nc6 4. Nc3 g6 5. d4 cxd4 6. Nxd4 Bg7 7. Be3 Nf6 8. Be2 d6 9. 0-0 0-0 10. h3 Bd7 11. Qd2 Rc8 12. Rac1 Nxd4 13. Bxd4 Bc6 14. Qe3 Nd7 15. Bxg7 Kxg7 16. Bg4 Rb8 17. Bxd7 Qxd7 18. f4 Qe6 19. b4 b5 20. cxb5 Bxb5 21. Rf2 Rfc8 22. Rfc2 f6 23. Nd5 Rxc2 24. Rxc2 Rb7 25. Qd4 Qd7 26. Qc3 Qe6 27. Qd4 Qd7 28. Nb6 Qd8 29. Nd5 Qd7 1/2-1/2

[Event "Zagreb op"]
[Site "Zagreb"]
[Date "1999.??.??"]
[Round "9"]
[White "Keglevic, Pavao"]
[Black "Heged, Vlado"]
[Result "1-0"]
[WhiteElo "2252"]
[BlackElo "2085"]
[PlyCount "80"]
[EventDate "1999.??.??"]
[EventType "swiss"]
[EventRounds "9"]
[EventCountry "CRO"]
[SourceTitle "EXT 2000"]
[Source "ChessBase"]
[SourceDate "1999.11.16"]
[SourceVersion "1"]
[SourceVersionDate "1999.11.16"]
[SourceQuality "1"]

1. c4 Nf6 2. Nf3 e6 3. d4 d5 4. Nc3 c6 5. e3 Be7 6. Bd3 0-0 7. b3 Qa5 8. Bd2 Bb4 9. Qc2 Nbd7 10. a3 Re8 11. 0-0 Bf8 12. Nxd5 Qd8 13. Nxf6+ Nxf6 14. e4 g6 15. b4 b6 16. e5 Nd7 17. Be4 Bb7 18. h4 Qc7 19. c5 f5 20. Bd3 b5 21. h5 Be7 22. hxg6 hxg6 23. Qb3 Kf7 24. Bg5 Rh8 25. Bxe7 Kxe7 26. Ng5 Nf8 27. Rad1 Rd8 28. Bb1 Qd7 29. Ba2 Bc8 30. Qg3 Qe8 31. f4 Nh7 32. Nf3 Qf7 33. Kf2 Qg7 34. Rh1 Rdg8 35. Rh2 g5 36. Rdh1 gxf4 37. Qxg7+ Rxg7 38. Rh6 Kf7 39. R1h5 Rg6 40. Rxh7+ Rxh7 1-0

[Event "Zagreb op"]
[Site "Zagreb"]
[Date "1998.01.09"]
[Round "7"]
[White "Marangunic, Srdjan"]
[Black "Keglevic, Pavao"]
[Result "1-0"]
[WhiteElo "2460"]
[BlackElo "2260"]
[PlyCount "119"]
[EventDate "1998.01.03"]
[EventType "swiss"]
[EventRounds "9"]
[EventCountry "CRO"]
[SourceTitle "CBM 062 Extra"]
[Source "ChessBase"]
[SourceDate "1998.03.09"]
[SourceVersion "1"]
[SourceVersionDate "1998.03.09"]
[SourceQuality "1"]

1. Nf3 d5 2. d3 g6 3. Nbd2 Bg7 4. e4 dxe4 5. dxe4 Nf6 6. Bc4 0-0 7. 0-0 Nc6 8. c3 Na5 9. Be2 c5 10. Qc2 Qc7 11. Nc4 h6 12. a4 Be6 13. Nxa5 Qxa5 14. Nd2 Qc7 15. Nc4 Qc6 16. f3 Rad8 17. Be3 Ne8 18. Bf4 Nd6 19. Ne3 f5 20. Bxd6 Qxd6 21. Bc4 Bxc4 22. Nxc4 Qe6 23. Qe2 fxe4 24. Rfe1 Rf4 25. Nd2 e3 26. Ne4 Rxe4 27. fxe4 Qxe4 28. Qxe3 Qxe3+ 29. Rxe3 Bf6 30. Kf1 Rd2 31. Re2 Rd6 32. Ke1 Kf7 33. Rd1 Ra6 34. Rd7 Rxa4 35. Rxb7 h5 36. Kd2 Ke8 37. Kc2 Ra6 38. Kd3 Kd8 39. Rb5 Kd7 40. Rxc5 Kd6 41. b4 Ra3 42. Rc2 Be5 43. h3 h4 44. Kc4 Bf4 45. Re2 e6 46. Kd3 Ra6 47. Ke4 g5 48. Ra5 Rxa5 49. bxa5 Bc1 50. a6 Ba3 51. Rf2 Ke7 52. Kd4 Bc1 53. Rf1 Ba3 54. Ra1 Bd6 55. Rb1 Bh2 56. Rb7+ Kf6 57. Ke4 Bg1 58. c4 Bf2 59. Rc7 Bb6 60. Rc8 1-0

[Event "CRO-chT2"]
[Site "Pula"]
[Date "1998.??.??"]
[Round "2"]
[White "Gnjezdur, Vladimir"]
[Black "Keglevic, Pavao"]
[Result "0-1"]
[WhiteElo "2180"]
[BlackElo "2260"]
[PlyCount "106"]
[EventDate "1998.??.??"]
[EventType "team"]
[EventRounds "9"]
[EventCountry "CRO"]
[SourceTitle "EXT 2000"]
[Source "ChessBase"]
[SourceDate "1999.11.16"]
[SourceVersion "1"]
[SourceVersionDate "1999.11.16"]
[SourceQuality "1"]

1. g3 c5 2. Bg2 Nc6 3. e4 g6 4. d3 Bg7 5. Nc3 e6 6. Be3 Nd4 7. Qd2 Ne7 8. Nd1 e5 9. c3 Ne6 10. Bh6 0-0 11. h4 f5 12. Nf3 d6 13. h5 f4 14. Bxg7 Nxg7 15. h6 Nh5 16. d4 fxg3 17. dxe5 Bg4 18. Qg5 Bxf3 19. Bxf3 Rxf3 20. Rxh5 Qf8 21. exd6 gxf2+ 22. Kf1 Nf5 23. exf5 Qxd6 24. Nxf2 Rxf5 25. Qxf5 gxf5 26. Rd1 Qa6+ 27. Rd3 Rd8 28. Rg5+ Kh8 29. Rxf5 Kg8 30. Rg5+ Kf8 31. Rf5+ Ke7 32. Re5+ Kf6 33. Ree3 Rxd3 34. Rxd3 Qxa2 35. Rd2 Kg6 36. Rd6+ Kh5 37. Nd3 Qf7+ 38. Kg2 Qg8+ 39. Kf3 Qg4+ 40. Kf2 c4 41. Rd5+ Kxh6 42. Ne5 Qf4+ 43. Nf3 Qf6 44. Ke3 Kg6 45. Ne5+ Kg7 46. Rd7+ Kg8 47. Ke4 h5 48. Kd5 h4 49. Rd6 Qf5 50. Rg6+ Kh7 51. Rg4 h3 52. Rh4+ Kg7 53. Rg4+ Kf6 0-1

[Event "CRO-chT2"]
[Site "Pula"]
[Date "1998.??.??"]
[Round "6"]
[White "Suskovic, Matija"]
[Black "Keglevic, Pavao"]
[Result "1/2-1/2"]
[WhiteElo "2130"]
[BlackElo "2260"]
[PlyCount "90"]
[EventDate "1998.??.??"]
[EventType "team"]
[EventRounds "9"]
[EventCountry "CRO"]
[SourceTitle "EXT 2000"]
[Source "ChessBase"]
[SourceDate "1999.11.16"]
[SourceVersion "1"]
[SourceVersionDate "1999.11.16"]
[SourceQuality "1"]

1. d4 Nf6 2. Nf3 e6 3. c4 d5 4. Nc3 Be7 5. Bf4 0-0 6. e3 Nh5 7. Bg3 c6 8. Qc2 Nd7 9. 0-0-0 f5 10. Nd2 Ndf6 11. Bh4 Ne4 12. Bxe7 Qxe7 13. Nf3 Nhf6 14. h3 Bd7 15. Ne5 Be8 16. Bd3 Nd7 17. Nxd7 Qxd7 18. g4 Bg6 19. f3 Nxc3 20. Qxc3 fxg4 21. Bxg6 hxg6 22. f4 gxh3 23. Rdg1 e5 24. dxe5 d4 25. Qd3 Rad8 26. Rxg6 Qf5 27. Qxf5 Rxf5 28. Kd2 dxe3+ 29. Kxe3 Rdf8 30. Rg4 Rh5 31. Rg3 h2 32. Rf3 g5 33. fxg5 Rxg5 34. Rxf8+ Kxf8 35. Rxh2 Rxe5+ 36. Kd4 Re7 37. Rh8+ Kf7 38. Rh7+ Ke6 39. Rxe7+ Kxe7 40. Ke5 Kd7 41. b4 Ke7 42. a3 Kd7 43. a4 Ke7 44. c5 a6 45. Kf5 Kf7 1/2-1/2